[Event "FIN-chT1A 1415"]
[Site "Finland"]
[Date "2014.11.16"]
[Round "4.3"]
[White "Koivunen, Jussi"]
[Black "Nokso Koivisto, Antti"]
[Result "1/2-1/2"]
[WhiteElo "2042"]
[BlackElo "2102"]
[PlyCount "37"]
[EventDate "2014.09.27"]
[EventType "team-tourn"]
[EventRounds "7"]
[EventCountry "FIN"]
[SourceTitle "EXT 2017"]
[Source "ChessBase"]
[SourceDate "2016.10.25"]
[SourceVersion "1"]
[SourceVersionDate "2016.10.25"]
[SourceQuality "1"]
[WhiteTeam "Pori PSY"]
[BlackTeam "Turku TuTS II"]
[WhiteTeamCountry "FIN"]
[BlackTeamCountry "FIN"]

1. d4 d5 2. Bf4 Nf6 3. e3 e6 4. Nf3 Bd6 5. Bg3 0-0 6. Bd3 b6 7. 0-0 Ba6 8. c3 Bxg3 9. hxg3 Bxd3 10. Qxd3 Nbd7 11. Nbd2 c5 12. a4 Qc7 13. Rfd1 Rfd8 14. Qe2 Rac8 15. Qb5 Rb8 16. Qe2 Rbc8 17. Qb5 Rb8 18. Qe2 Rbc8 19. Qb5 1/2-1/2

[Event "Helsinki We Garde 9th Group A"]
[Site "Helsinki"]
[Date "2013.09.14"]
[Round "2"]
[White "Linqvist, Grels"]
[Black "Nokso Koivisto, Antti"]
[Result "1/2-1/2"]
[WhiteElo "2018"]
[BlackElo "2125"]
[PlyCount "50"]
[EventDate "2013.09.13"]
[EventType "swiss"]
[EventRounds "5"]
[EventCountry "FIN"]
[SourceTitle "EXT 2022"]
[Source "ChessBase"]
[SourceDate "2021.10.06"]
[SourceVersion "1"]
[SourceVersionDate "2021.10.06"]
[SourceQuality "1"]

1. c4 e5 2. Nc3 Nc6 3. g3 g6 4. Bg2 Bg7 5. e4 Nf6 6. Nge2 0-0 7. 0-0 d6 8. h3 Be6 9. Nd5 Ne8 10. d3 h6 11. Be3 f5 12. Qd2 Kh7 13. Rab1 Qd7 14. Kh2 Nd8 15. Ndc3 a6 16. Rbc1 Rb8 17. b3 Nf6 18. f4 Nf7 19. Rcd1 b5 20. exf5 gxf5 21. Nd5 c5 22. Nec3 Ne8 23. fxe5 Nxe5 24. Nf4 Nf6 25. Ncd5 Bxd5 1/2-1/2

[Event "Helsinki We Garde 3rd"]
[Site "Helsinki"]
[Date "2013.03.03"]
[Round "4"]
[White "Nokso Koivisto, Antti"]
[Black "Ristoja, Samu"]
[Result "1-0"]
[WhiteElo "2125"]
[BlackElo "2084"]
[PlyCount "57"]
[EventDate "2013.03.01"]
[EventType "swiss"]
[EventRounds "5"]
[EventCountry "FIN"]
[SourceTitle "EXT 2022"]
[Source "ChessBase"]
[SourceDate "2021.10.06"]
[SourceVersion "1"]
[SourceVersionDate "2021.10.06"]
[SourceQuality "1"]

1. e4 c5 2. Nf3 Nc6 3. d4 cxd4 4. Nxd4 g6 5. c4 Bg7 6. Be3 d6 7. Nc3 Nh6 8. Be2 Ng4 9. Bxg4 Bxg4 10. Nxc6 Bxd1 11. Nxd8 Bg4 12. Nxb7 Rb8 13. Na5 Rxb2 14. Rc1 Kd7 15. Nb3 Rb8 16. 0-0 Be6 17. Nd2 a5 18. a3 f5 19. exf5 gxf5 20. Nd5 Bf7 21. Rfd1 e6 22. Nc3 e5 23. f3 Bh5 24. c5 e4 25. Nc4 R2b3 26. Rxd6+ Ke8 27. Bd4 Bxd4+ 28. Rxd4 exf3 29. c6 1-0

[Event "Helsinki We Garde 3rd"]
[Site "Helsinki"]
[Date "2013.03.02"]
[Round "2"]
[White "Elomaa, Arto"]
[Black "Nokso Koivisto, Antti"]
[Result "1/2-1/2"]
[WhiteElo "2056"]
[BlackElo "2125"]
[PlyCount "66"]
[EventDate "2013.03.01"]
[EventType "swiss"]
[EventRounds "5"]
[EventCountry "FIN"]
[SourceTitle "EXT 2022"]
[Source "ChessBase"]
[SourceDate "2021.10.06"]
[SourceVersion "1"]
[SourceVersionDate "2021.10.06"]
[SourceQuality "1"]

1. d4 d5 2. c4 e6 3. Nc3 Nf6 4. cxd5 exd5 5. Bg5 Be7 6. Qc2 c6 7. e3 Nbd7 8. Bd3 0-0 9. Nge2 Re8 10. 0-0 Nf8 11. Rad1 Be6 12. f3 Rc8 13. e4 dxe4 14. fxe4 Ng4 15. Bxe7 Qxe7 16. Qd2 Ng6 17. h3 Nf6 18. e5 Nd7 19. Ne4 Rf8 20. Nd6 Rc7 21. Nc3 f6 22. Bxg6 hxg6 23. d5 Bxd5 24. Nxd5 cxd5 25. Qxd5+ Kh7 26. exf6 Nxf6 27. Qd4 Rd8 28. Rfe1 Qf8 29. Qh4+ Kg8 30. Ne4 Rxd1 31. Rxd1 Re7 32. Nxf6+ gxf6 33. Qd4 b6 1/2-1/2

[Event "Helsinki-ch 2013 Group M"]
[Site "Helsinki"]
[Date "2013.01.01"]
[Round "5"]
[White "Mustonen, Ilkka"]
[Black "Nokso Koivisto, Antti"]
[Result "1/2-1/2"]
[WhiteElo "2051"]
[BlackElo "2125"]
[PlyCount "46"]
[EventDate "2012.12.27"]
[EventType "tourn"]
[EventRounds "9"]
[EventCountry "FIN"]
[SourceTitle "EXT 2022"]
[Source "ChessBase"]
[SourceDate "2021.10.06"]
[SourceVersion "1"]
[SourceVersionDate "2021.10.06"]
[SourceQuality "1"]

1. c4 e5 2. g3 Nc6 3. Bg2 g6 4. Nc3 Bg7 5. e4 d6 6. Nge2 Nge7 7. 0-0 0-0 8. d3 h6 9. Rb1 a5 10. b3 f5 11. Nb5 Bd7 12. Be3 Rb8 13. Qd2 Kh7 14. f3 b6 15. h3 Rc8 16. d4 exd4 17. Nexd4 Nxd4 18. Nxd4 fxe4 19. fxe4 Nc6 20. Ne2 Be6 21. Nf4 Qd7 22. Kh2 Ne5 23. Rbd1 Qe7 1/2-1/2

[Event "Helsinki-ch 2013 Group M"]
[Site "Helsinki"]
[Date "2012.12.30"]
[Round "4"]
[White "Nokso Koivisto, Antti"]
[Black "Jarvenpaa, Jari"]
[Result "1/2-1/2"]
[WhiteElo "2128"]
[BlackElo "2278"]
[PlyCount "168"]
[EventDate "2012.12.27"]
[EventType "tourn"]
[EventRounds "9"]
[EventCountry "FIN"]
[SourceTitle "EXT 2022"]
[Source "ChessBase"]
[SourceDate "2021.10.06"]
[SourceVersion "1"]
[SourceVersionDate "2021.10.06"]
[SourceQuality "1"]

1. e4 d6 2. d4 Nf6 3. Nc3 e5 4. Nf3 Nbd7 5. Bc4 Be7 6. 0-0 0-0 7. Re1 c6 8. a4 exd4 9. Qxd4 Nc5 10. Bf4 Nh5 11. Bd2 Bg4 12. Qe3 Be6 13. Be2 Nf6 14. Nd4 d5 15. exd5 Nxd5 16. Nxd5 cxd5 17. Bf3 a5 18. Bc3 Bg5 19. Qe2 Re8 20. Qb5 b6 21. b3 Rc8 22. Bb2 Qc7 23. Bxd5 Bf6 24. Nxe6 fxe6 25. Bxf6 gxf6 26. Bf3 Kh8 27. Qc4 Re7 28. Qh4 Rf8 29. Qc4 Rc8 30. Rad1 Nd7 31. Qxc7 Rxc7 32. Rd2 Ne5 33. Be2 Red7 34. Red1 Rxd2 35. Rxd2 Rd7 36. Rxd7 Nxd7 37. Bc4 Nc5 38. f3 Kg7 39. Kf2 e5 40. Ke3 f5 41. Kd2 Kf6 42. g3 Ke7 43. Ke3 Kf6 44. f4 h6 45. Bd5 Na6 46. Bc4 Nc5 47. Bg8 Kg7 48. Bd5 Kf6 49. Kd2 Na6 50. Kc3 Nb4 51. Bb7 e4 52. Kd2 Ke6 53. c3 Nd3 54. Ba6 Nc5 55. Bc4+ Kd6 56. Ke3 h5 57. Kd4 Ke7 58. Ke5 e3 59. Kd4 Nxb3+ 60. Kxe3 Nc5 61. Bb5 Kd6 62. Be8 Ke7 63. Bb5 Kd6 64. Be8 Ke7 65. Bxh5 Nxa4 66. Kd2 Nc5 67. Kc2 Ne4 68. Be2 a4 69. Bc4 Nd6 70. Bd5 Kd7 71. Kb2 b5 72. Ka3 Ne4 73. Kb4 Kd6 74. Bf7 Ke7 75. Bg8 Nf6 76. Ba2 Ne4 77. c4 bxc4 78. Bxc4 Nd2 79. Be2 Ne4 80. Bd3 Kf6 81. Bc2 Nd2 82. Bxa4 Nf1 83. Kc3 Nxh2 84. Kd2 Nf1+ 1/2-1/2

[Event "Helsinki-ch 2013 Group M"]
[Site "Helsinki"]
[Date "2012.12.29"]
[Round "3"]
[White "Nokso Koivisto, Antti"]
[Black "Hurme, Harri M"]
[Result "0-1"]
[WhiteElo "2128"]
[BlackElo "2203"]
[PlyCount "130"]
[EventDate "2012.12.27"]
[EventType "tourn"]
[EventRounds "9"]
[EventCountry "FIN"]
[SourceTitle "EXT 2022"]
[Source "ChessBase"]
[SourceDate "2021.10.06"]
[SourceVersion "1"]
[SourceVersionDate "2021.10.06"]
[SourceQuality "1"]

1. e4 e6 2. d4 d5 3. Nd2 Nf6 4. e5 Nfd7 5. Bd3 c5 6. c3 Nc6 7. Ne2 cxd4 8. cxd4 f6 9. exf6 Nxf6 10. Nf3 Bd6 11. 0-0 Qc7 12. Bg5 0-0 13. Bh4 Nh5 14. Qc2 h6 15. Rad1 Bd7 16. Rfe1 Rac8 17. Bg6 Nf4 18. Nxf4 Bxf4 19. Qe2 Bd6 20. a3 Ne7 21. Bxe7 Bxe7 22. Bb1 Bf6 23. Qd3 Qf4 24. Qh7+ Kf7 25. Ne5+ Bxe5 26. dxe5 Ke8 27. Qg6+ Kd8 28. Qg3 g5 29. Qxf4 Rxf4 30. f3 Ba4 31. Rd2 Rfc4 32. Bg6 Bc2 33. Bxc2 Rxc2 34. Ree2 Rxd2 35. Rxd2 Ke7 36. Kf2 Kf7 37. g4 Ke7 38. Kg3 Rc1 39. Re2 Kd7 40. h4 Kc6 41. hxg5 hxg5 42. Rd2 Re1 43. Rc2+ Kd7 44. Rf2 Rxe5 45. f4 Re3+ 46. Kg2 Re4 47. f5 Rxg4+ 48. Kh3 Rf4 49. fxe6+ Kxe6 50. Re2+ Re4 51. Rc2 d4 52. Rc8 Re3+ 53. Kg4 Rb3 54. Rd8 Ke5 55. Kxg5 Rxb2 56. Kg4 Ke4 57. Re8+ Kd3 58. Kf3 a5 59. a4 b5 60. Rb8 b4 61. Ra8 Ra2 62. Rxa5 b3 63. Rb5 Kc4 64. Ke4 Rxa4 65. Rb8 Kc3 0-1

[Event "Helsinki We KapSK A"]
[Site "Helsinki"]
[Date "2012.11.25"]
[Round "5"]
[White "Nokso Koivisto, Antti"]
[Black "Ristoja, Samu"]
[Result "1/2-1/2"]
[WhiteElo "2128"]
[BlackElo "2065"]
[PlyCount "105"]
[EventDate "2012.11.23"]
[EventType "swiss"]
[EventRounds "5"]
[EventCountry "FIN"]
[SourceTitle "EXT 2022"]
[Source "ChessBase"]
[SourceDate "2021.10.06"]
[SourceVersion "1"]
[SourceVersionDate "2021.10.06"]
[SourceQuality "1"]

1. e4 c5 2. Nf3 d6 3. d4 cxd4 4. Nxd4 Nf6 5. Nc3 g6 6. Be2 Bg7 7. 0-0 0-0 8. Bg5 Nc6 9. Nb3 Be6 10. Kh1 a5 11. a4 Nd7 12. f4 Bxb3 13. cxb3 Nc5 14. Bf3 Nd4 15. Ra3 Nde6 16. Qd2 Nxg5 17. fxg5 Be5 18. Qe3 Rc8 19. Be2 Ne6 20. Bc4 Nd4 21. Rf2 e6 22. Ra1 Rc5 23. Rd1 Qb6 24. Rdf1 Bg7 25. Qg3 Re5 26. Rf4 Nxb3 27. Bxb3 Qxb3 28. Qf2 d5 29. Rxf7 Qb4 30. Qf4 Qd6 31. h4 Qb8 32. Rxf8+ Qxf8 33. Qxf8+ Bxf8 34. exd5 exd5 35. Rd1 Bb4 36. Rxd5 Rxd5 37. Nxd5 Be1 38. Nf6+ Kg7 39. h5 gxh5 40. Nxh5+ Kg6 41. Nf6 Kxg5 42. Ne4+ Kf4 43. Nc5 Bb4 44. Nxb7 Ke4 45. Nd8 Kd3 46. Nc6 Be1 47. g4 Kc2 48. g5 Kxb2 49. Kg2 Ka3 50. Kf3 Kxa4 51. Kg4 Kb5 52. Nxa5 Bxa5 53. g6 1/2-1/2

[Event "Helsinki We KapSK A"]
[Site "Helsinki"]
[Date "2012.11.24"]
[Round "2"]
[White "Haanpaa, Jorma"]
[Black "Nokso Koivisto, Antti"]
[Result "1/2-1/2"]
[WhiteElo "2018"]
[BlackElo "2128"]
[PlyCount "26"]
[EventDate "2012.11.23"]
[EventType "swiss"]
[EventRounds "5"]
[EventCountry "FIN"]
[SourceTitle "EXT 2022"]
[Source "ChessBase"]
[SourceDate "2021.10.06"]
[SourceVersion "1"]
[SourceVersionDate "2021.10.06"]
[SourceQuality "1"]

1. e4 c5 2. Nf3 Nc6 3. c3 d5 4. exd5 Qxd5 5. Na3 Qd8 6. Bb5 Bd7 7. 0-0 e6 8. Nc2 Nf6 9. d4 Be7 10. Bg5 cxd4 11. Ncxd4 Nxd4 12. Bxd7+ Qxd7 13. Qxd4 Qxd4 1/2-1/2

[Event "Helsinki We Garde 9th Group A"]
[Site "Helsinki"]
[Date "2012.09.08"]
[Round "2"]
[White "Nokso Koivisto, Antti"]
[Black "Norri, Joose"]
[Result "1/2-1/2"]
[WhiteElo "2128"]
[BlackElo "2309"]
[PlyCount "60"]
[EventDate "2012.09.07"]
[EventType "swiss"]
[EventRounds "5"]
[EventCountry "FIN"]
[SourceTitle "EXT 2022"]
[Source "ChessBase"]
[SourceDate "2021.10.06"]
[SourceVersion "1"]
[SourceVersionDate "2021.10.06"]
[SourceQuality "1"]

1. d4 Nf6 2. c4 b6 3. Nc3 Bb7 4. e3 e6 5. Nf3 Bb4 6. Bd3 Ne4 7. Qc2 f5 8. Bd2 Nxd2 9. Qxd2 0-0 10. a3 Bxc3 11. Qxc3 d6 12. Qc2 Nd7 13. e4 e5 14. d5 f4 15. 0-0-0 a5 16. Kb1 a4 17. Qc3 Nc5 18. Bc2 Ba6 19. Ne1 b5 20. cxb5 Bxb5 21. f3 Rb8 22. Bd3 Qg5 23. Qc2 Rb6 24. Bxb5 Rxb5 25. Nd3 Nxd3 26. Rxd3 Rfb8 27. Rd2 Rb3 28. Ka2 R8b5 29. Rc1 Rc5 30. Qd1 h6 1/2-1/2